Rising oil prices and industrial production in some developing countries in the seventies

Salvato in:
Dettagli Bibliografici
Autore principale: Nunnenkamp, Peter
Natura: Libro
Lingua:inglese
Pubblicazione: Kiel Institut für Weltwirtschaft 1983
Serie:Working Paper No. 190
Tags: Aggiungi Tag
Nessun Tag, puoi essere il primo ad aggiungerne!!

MARC

LEADER 00000nam a2200000 4500
001 c134681
005 20181203150503.4
041 0 |a eng 
044 |a DE 
245 1 0 |a Rising oil prices and industrial production in some developing countries in the seventies  |c Peter Nunnenkamp 
264 1 |a Kiel  |b Institut für Weltwirtschaft  |c 1983 
300 |a 15 s. 
490 1 |a Working Paper  |v No. 190 
830 0 |a Working Paper  |v No. 190 
100 1 |a Nunnenkamp, Peter